000 00828cab a22002175a 4500
001 L146613
008 090209d2009 xxko f 000 0 eng d
035 _a(Sirsi) u146613
041 0 _aeng
100 1 _aFolwer, Stephen
245 0 0 _aGetting paid
_bpre tenancy procedures and managing rent arrears
260 _c2009
490 _aLetting Update Journal
_v(4)16 January 2009, 14-17(4)
520 _aArticle aims to help potential landlords identify potentially high risk tenants and to provide practical guidance to aid with managing defaults. Discusses vetting and references, guarantors and deposits.
590 _aKA
650 2 4 _aHOUSING ACT 1988
650 2 4 _aHOUSING ACT 1996 S17
651 4 _aEngland and Wales
_y1543-
690 _aPROPERTY-RESIDENTIAL PROPERTY-RESIDENTIAL LANDLORD AND TENANT
942 _n0
999 _c81203
_d81203